[Event "MCRE_KT16"]
[Site "?"]
[Date "2005.??.??"]
[Round "?"]
[White "Stika, Vaclav"]
[Black "Spicka, Zdenek"]
[Result "1-0"]
[WhiteElo "2000"]
[BlackElo "1906"]
[PlyCount "105"]
[EventDate "2005.??.??"]
[EventType "schev (corr)"]
[EventRounds "2"]
[SourceDate "2006.01.09"]

1. e4 e5 2. Nf3 Nc6 3. Bb5 a6 4. Ba4 Nf6 5. O-O Nxe4 6. d4 b5 7. Bb3 d5 8. dxe5
Be6 9. Be3 Be7 10. c3 O-O 11. Nbd2 Nxd2 12. Qxd2 Na5 13. Nd4 c5 14. Nxe6 fxe6
15. Bc2 Nc4 16. Qd3 g6 17. Bh6 Rf7 18. b3 Nxe5 19. Qg3 Bf6 20. Rae1 Nd7 21.
Rxe6 Nf8 22. Rd6 Rd7 23. Rc6 d4 24. Bf5 Rf7 25. Be4 Raa7 26. c4 bxc4 27. bxc4
Rad7 28. Rxa6 Ra7 29. Rc6 Bg7 30. Bxg7 Kxg7 31. Qe5+ Rf6 32. Qxc5 Rxc6 33.
Qxa7+ Rc7 34. Qa5 Ne6 35. f4 Nc5 36. Bd5 Rc8 37. Qd2 Qf6 38. Re1 d3 39. Qe3 h5
40. Rb1 Rc7 41. g3 Qe7 42. Qf2 Qf6 43. Rb8 Ne6 44. Rb2 Nc5 45. Rb5 Na4 46. Kg2
Re7 47. Bf3 Rd7 48. Ra5 Nc3 49. Ra7 Qe7 50. Rxd7 Qxd7 51. Qe3 Kf7 52. a3 h4 53.
gxh4 1-0

[Event "MCRE_KT16"]
[Site "?"]
[Date "2005.??.??"]
[Round "?"]
[White "Rotter, Walter"]
[Black "Spicka, Zdenek"]
[Result "1/2-1/2"]
[WhiteElo "1964"]
[BlackElo "1906"]
[PlyCount "113"]
[EventDate "2005.??.??"]
[EventType "schev (corr)"]
[EventRounds "2"]
[SourceDate "2006.01.09"]

1. d4 Nf6 2. c4 e6 3. Nc3 Bb4 4. e3 c5 5. Bd3 O-O 6. Nge2 d5 7. cxd5 cxd4 8.
exd4 Nxd5 9. O-O Nc6 10. Nxd5 Qxd5 11. a3 Be7 12. Be3 Bf6 13. Qc2 g6 14. Be4
Qd7 15. Rfd1 Ne7 16. Rac1 Nd5 17. Nf4 Nxe3 18. fxe3 Bg7 19. Qf2 Qd6 20. Nd3 f5
21. Bf3 f4 22. Nc5 fxe3 23. Qxe3 Rb8 24. Ne4 Qb6 25. Nc5 Qxb2 26. Rb1 Qa2 27.
Na6 Ra8 28. Nc7 Rb8 29. Qc1 Rxf3 30. gxf3 e5 31. dxe5 Bh3 32. Rb2 Qf7 33. Qc3
b6 34. Rbd2 Qf4 35. Re2 Rc8 36. Qb3+ Kh8 37. Ne6 Qf7 38. Nd4 Qe7 39. Qe3 Re8
40. Rde1 Bf8 41. Ra1 Qf7 42. Kh1 Bc5 43. Rd2 Bc8 44. Re1 Bb7 45. Kg2 Bd5 46. e6
Rxe6 47. Qc3 Rf6 48. Rd3 Kg8 49. Nb3 Bf8 50. Rxd5 Qxd5 51. Qxf6 Qxb3 52. Re8
Qxa3 53. Ra8 Qa2+ 54. Kg3 Qf7 55. Qd6 Kg7 56. Qb8 Qf6 57. Rxa7+ 1/2-1/2

[Event "MCRE_KT16"]
[Site "?"]
[Date "2005.??.??"]
[Round "?"]
[White "Spicka, Zdenek"]
[Black "Rotter, Walter"]
[Result "1/2-1/2"]
[WhiteElo "1906"]
[BlackElo "1964"]
[PlyCount "114"]
[EventDate "2005.??.??"]
[EventType "schev (corr)"]
[EventRounds "2"]
[SourceDate "2006.01.09"]

1. e4 e5 2. Nf3 Nf6 3. d4 Nxe4 4. Bd3 d5 5. Nxe5 Nd7 6. Nxd7 Bxd7 7. O-O Bd6 8.
c4 c6 9. cxd5 cxd5 10. Qh5 O-O 11. Qxd5 Bc6 12. Qh5 g6 13. Qh3 Bb4 14. Be3 Re8
15. a3 Ba5 16. Bxe4 Bxe4 17. Nc3 Bf5 18. Qf3 Qd7 19. Rac1 Rac8 20. Qd5 Qxd5 21.
Nxd5 Bd8 22. Rxc8 Bxc8 23. Rc1 Bd7 24. Nc3 f5 25. d5 b6 26. Rd1 Bf6 27. g3 Be5
28. Bd4 Bd6 29. f4 Kf7 30. Kf2 h6 31. h4 Kf8 32. h5 g5 33. fxg5 hxg5 34. a4 Kg8
35. Ra1 Kh7 36. a5 Bc5 37. Bxc5 bxc5 38. a6 Kh6 39. Ra5 Rc8 40. Nb5 Bxb5 41.
Rxb5 Kxh5 42. Rb7 Rd8 43. Rxa7 Rxd5 44. Rb7 c4 45. a7 Ra5 46. Ke3 Kg4 47. Rg7
Ra4 48. Kd4 Kh3 49. Rxg5 Rxa7 50. Kxc4 Rc7+ 51. Kb3 Rb7+ 52. Kc2 Rc7+ 53. Kb1
Rf7 54. b3 Kg2 55. Kb2 Kf3 56. b4 Ke4 57. Kb3 Rb7 1/2-1/2

[Event "MCRE_KT16"]
[Site "?"]
[Date "2005.??.??"]
[Round "?"]
[White "Spicka, Zdenek"]
[Black "Stika, Vaclav"]
[Result "0-1"]
[WhiteElo "1906"]
[BlackElo "2000"]
[PlyCount "124"]
[EventDate "2005.??.??"]
[EventType "schev (corr)"]
[EventRounds "2"]
[SourceDate "2006.01.09"]

1. e4 c5 2. Nf3 d6 3. d4 cxd4 4. Nxd4 Nf6 5. Nc3 g6 6. Be3 Bg7 7. f3 O-O 8. Qd2
Nc6 9. g4 Nd7 10. O-O-O Nde5 11. Be2 Na5 12. b3 Nac6 13. h4 Qa5 14. h5 Bd7 15.
g5 Rfc8 16. Kb2 gxh5 17. Rxh5 Ng6 18. Rdh1 Rc7 19. Rxh7 Nxd4 20. Bxd4 e5 21.
Be3 Rac8 22. Bc4 b5 23. Nd5 Qxd2 24. Bxd2 bxc4 25. Nxc7 Rxc7 26. Bb4 Rc6 27.
Bd2 Be6 28. b4 d5 29. R7h2 d4 30. c3 Nf4 31. Bxf4 exf4 32. cxd4 Bxd4+ 33. Kc1
Ra6 34. Rd1 Bb6 35. Rdh1 Kf8 36. Rg2 Ra4 37. Rh8+ Kg7 38. Rgh2 Be3+ 39. Kd1
Rxb4 40. R2h7+ Kg6 41. Rh4 Rb1+ 42. Kc2 Rc1+ 43. Kb2 Kxg5 44. R8h6 c3+ 45. Ka3
Bg4 46. fxg4 f3 47. R4h5+ Kxg4 48. Rh4+ Kg5 49. R4h5+ Kf4 50. Rf6+ Kxe4 51.
Rh4+ Kd3 52. Rxf3 c2 53. Rxe3+ Kxe3 54. Rh3+ Ke2 55. Rh2+ Kf3 56. Rh3+ Kg4 57.
Rc3 f5 58. Kb2 Re1 59. Kxc2 f4 60. Rc4 Kg3 61. Rc7 Re2+ 62. Kb3 Re3+ 0-1

[Event "MCRE_KT16"]
[Site "?"]
[Date "2005.??.??"]
[Round "?"]
[White "Cerveny, Libor"]
[Black "Spicka, Zdenek"]
[Result "1/2-1/2"]
[WhiteElo "2094"]
[BlackElo "1906"]
[PlyCount "163"]
[EventDate "2005.??.??"]
[EventType "schev (corr)"]
[EventRounds "2"]
[SourceDate "2006.01.09"]

1. e4 e5 2. Nf3 Nf6 3. d4 Nxe4 4. Bd3 d5 5. Nxe5 Nd7 6. Nxd7 Bxd7 7. O-O Bd6 8.
c4 c6 9. cxd5 cxd5 10. Qh5 Be6 11. Bxe4 dxe4 12. Nc3 O-O 13. Nxe4 Bc7 14. Be3
f6 15. a3 Bf7 16. Qh4 Re8 17. Rac1 Bb6 18. Nc5 Qd5 19. Na4 Bd8 20. Qg3 Qb5 21.
Nc5 Qxb2 22. Rb1 Qxa3 23. Ra1 Qb2 24. Rfb1 Qc3 25. Rc1 Qb4 26. Rab1 Qa3 27.
Nxb7 Be7 28. Ra1 Qb4 29. Rcb1 Qc3 30. Nd6 Bxd6 31. Qxd6 a5 32. Qc5 Qxc5 33.
dxc5 a4 34. Ra3 Bb3 35. Rc1 Rac8 36. h4 Rc6 37. Kf1 Kf7 38. Ke2 h5 39. Kd2 Rd8+
40. Kc3 Re6 41. Raa1 Re4 42. g3 Be6 43. Ra3 Bd5 44. Rd1 Rc4+ 45. Kb2 Rb8+ 46.
Ka1 Bc6 47. Rad3 Rb2 48. Rb1 Rb5 49. Rxb5 Bxb5 50. Rd5 Kg6 51. Rd1 Kf5 52. Rd5+
Kg4 53. Rd8 Kf5 54. Rg8 Kg6 55. Ra8 Rc3 56. Ra5 Rb3 57. Bf4 Bd7 58. Ra7 Rd3 59.
Ra6 Rc3 60. Be3 Bb5 61. Rb6 Be8 62. Kb2 Rc4 63. Rd6 Rb4+ 64. Kc3 Rb3+ 65. Kc2
Rb8 66. Ra6 Kf5 67. Ra7 Kg6 68. Bf4 Rb3 69. Bd2 Bc6 70. Ra6 Be4+ 71. Kd1 Rb5
72. Be3 Rb4 73. Kd2 Rc4 74. Ke2 Rc2+ 75. Kd1 Rc4 76. Ke2 Rc2+ 77. Kd1 Rc4 78.
Ra7 Bc6 79. Ra6 Bb7 80. Ra7 Be4 81. Ke1 Bc6 82. Ra6 1/2-1/2